| 000 | 00751cam a2200217 4500 | ||
|---|---|---|---|
| 001 | B2411 | ||
| 008 | 090401t1988 xxu||||| |||| 00| 0 eng d | ||
| 035 | _a(Sirsi) u49897 | ||
| 041 | _aeng | ||
| 050 | _a332.632409415 | ||
| 100 | _aO`Brien, Sean | ||
| 245 | 4 | _aThe merits of property investment :a retrospective view of the perform (i.e. performance) of the property market over the last twenty years | |
| 260 |
_aDublin _bSociety of Chartered Surveyors _c1988 |
||
| 300 | _a12,(4) leaves ; 30cm. | ||
| 350 | _a0 | ||
| 520 | _aJoint second prize winner in the research paper scheme of the Society of Chartered Surveyors in the Republic of Ireland . | ||
| 650 | _aEIRE | ||
| 650 | _aPROPERTY PERFORMANCE | ||
| 942 | _n0 | ||
| 948 | _c04/03/1997 | ||
| 999 |
_c92611 _d92611 |
||